[Event "Dortmund op-B"]
[Site "Dortmund"]
[Date "2003.08.03"]
[Round "3"]
[White "Krebeck, Peter"]
[Black "Haj, Munir"]
[Result "1-0"]
[WhiteElo "1879"]
[BlackElo "1706"]
[PlyCount "39"]
[EventDate "2003.08.01"]
[EventType "swiss"]
[EventRounds "9"]
[EventCountry "GER"]
[SourceTitle "CBM 095 Extra"]
[Source "ChessBase"]
[SourceDate "2003.09.04"]
[SourceVersion "1"]
[SourceVersionDate "2003.09.04"]
[SourceQuality "1"]

1. e4 c5 2. Nf3 d6 3. c3 Qa5 4. Bc4 e6 5. 0-0 Nf6 6. Qe2 Be7 7. Bb3 Nc6 8. d4 cxd4 9. cxd4 Qh5 10. Nc3 a6 11. Rd1 0-0 12. a3 b5 13. Bc2 h6 14. e5 dxe5 15. dxe5 Nd5 16. Qe4 f5 17. exf6 Bxf6 18. Nxd5 exd5 19. Rxd5 Qe8 20. Qh7+ 1-0